| 000 | 00790nam a22001337a 4500 | ||
|---|---|---|---|
| 040 | _cRUA | ||
| 082 | _aAVM NEN 2009 B080 Or.1 | ||
| 100 | _aNEN, BUNNAWATH. | ||
| 245 | _aEffect of using applesnail meal in basic diet to replace fish meal on growing avain chicken at rua, ឥទ្ធិពលនៃការប្រើប្រាស់ម្សៅសាច់ខ្យងជាចំណីគ្រឹះជមនួសម្សៅត្រិលើការលុតលាស់របស់មាន់សាច់នៅសាកលវិទ្យាល័យភូំិន្ទកសិកម្ម | ||
| 260 |
_aPhnom Penh _bRUA _c2009 |
||
| 300 |
_avii; 42p. _bill. _c29cm. |
||
| 856 | _uhttps://drive.google.com/file/d/1T1NQLP0tMt5UBytBVPKsQbxKhR539AdT/view?usp=sharing | ||
| 942 | _cAVM | ||
| 999 |
_c2306 _d2306 |
||